00400 a2200109 4500001001000000005001700010008004100027245008700068100002600155773009200181999001700273ART_4506820260410162038.0260409a 10aCompetitividad y desarrollo tecnológico en la región cordobesa de Río Cuarto1 aSimone, Vanina Inés0 tRevista de estudios regionales y mercado de trabajog- N° 3 (ene./dic. 2007)wREV44894 c34641d34641